Score 0/10 Timer 06:00
0 Plays Today
Fairy % Correct
Marigold Fairy
100%
Lavender Fairy
33.3%
Tulip Fairy
33.3%
Forget-Me-Not Fairy
0%
Periwinkle Fairy
0%
Snapdragon Fairy
0%
Geranium Fairy
0%
Sweet Pea Fairy
0%
Cornflower Fairy
0%
Narciussus Fairy
0%
Remove Ads.
Support Sporcle.
Get the best of Sporcle when you Go Orange. This ad-free experience offers more features, more stats, and more fun while also helping to support Sporcle. Thank you for becoming a member.

You're not logged in!

Compare scores with friends on all Sporcle quizzes.
OR
Log In

Show Comments

Extras

Created Nov 23, 2010SourceReportNominate
Tags:Fairy

Top Quizzes Today


Score Distribution

Your Account Isn't Verified!

In order to create a playlist on Sporcle, you need to verify the email address you used during registration. Go to your Sporcle Settings to finish the process.

Report this User

Report this user for behavior that violates our Community Guidelines.

Details: